| 000 | 01513nam0a2200313 4500 | ||
|---|---|---|---|
| 001 | RU\NLR\b_ik\150793 | ||
| 005 | 20260407143335.0 | ||
| 035 | _a(NLR Aleph) 002223873 | ||
| 090 |
_a3335764 _c3335764 |
||
| 100 | _a20060907d2004 |||y0rusy50 ca | ||
| 101 | 0 | _aeng | |
| 102 | _aRU | ||
| 105 | _ay ||||||||| | ||
| 200 | 1 |
_aThe JINR educational programme in 2004 _ereport to the 97th Session of the JINR scientific council, January 20-21, 2005 _fS.P. Ivanova |
|
| 210 |
_aDubna _cJoint inst. for nuclear research _d2004 |
||
| 215 |
_a16 с. _d22 |
||
| 225 | 1 |
_aJoint institute for nuclear research _v2004-196 |
|
| 320 | _aБиблиогр.: с. 16 | ||
| 601 | 0 | 2 |
_aОбъединенный институт ядерных исследований _cДубна, город; Московская область _xНаучно-исследовательская работа _91732020 _3RU\NLR\AUTH\66774191 |
| 686 | 4 | _aВ38е(2)л2-15 | |
| 700 | 1 |
_4070 _7ba _8rus _aIvanova _bS. P. _cканд. физ.-мат. наук, ядер. физика _f1941-2007 _gSvetlana Petrovna _3RU\NLR\AUTH\770279755 _92651722 |
|
| 712 | 0 | 2 |
_4570 _8eng _aJoint institute for nuclear research _cDubna _7ba _3RU\NLR\AUTH\88670 _9272107 |
| 712 | 0 | 2 |
_4570 _8eng _aJoint institute for nuclear research _cDubna _bScientific council _bSession _d97 _f2005 _7ba _3RU\NLR\AUTH\8810086717 _9675127 |
| 801 | 0 |
_aRU _bNLR _c20060907 _gPSBO |
|
| 830 | _aПрограмма института в 2004г. | ||
| 942 | _cBOOK | ||
| 980 | _aNB | ||